| 000 | 01083nam a22002657a 4500 | ||
|---|---|---|---|
| 005 | 20240530110616.0 | ||
| 008 | 161130s2015 ua ak g b 000 0 ara d | ||
| 017 |
_a2015/22147 _bمصر . دار الكتب المصرية |
||
| 020 | _a9789777220651 | ||
| 040 | _aEG-CaGPL | ||
| 082 | 0 | 4 |
_221 _a658.4012\ _bل إ |
| 100 | 1 | _aLindgren , Mats | |
| 245 | 1 | 0 |
_aادارة القرن الواحد والعشرين : _bالقيادة والابتكار في اقتصاد الفكر / _cMats Lindgren ؛ ترجمة هبة عجينة |
| 250 | _aط. 1 | ||
| 260 |
_aالقاهرة : _bالمجموعة العربية للنشر والتوزيع ، _c2015. |
||
| 300 |
_a199 ص. : _bجداول ، اشكال ؛ _c24 سم. |
||
| 504 | _aببليوجرافية : ص 192 - 199 | ||
| 650 | 0 | 7 |
_aqrmak _vالادارة |
| 650 | 0 | 7 |
_aqrmak _vالتنمية الادارية |
| 650 | 0 | 7 |
_aqrmak _vادارة الاعمال |
| 650 | 0 | 7 |
_aqrmak _vالقيادة الادارية |
| 700 | 0 |
_aهبة عجينة _eمترجم |
|
| 942 |
_2ddc _cBK |
||
| 999 |
_c62965 _d62965 |
||